| 000 | 00521nam a22001697a 4500 | ||
|---|---|---|---|
| 008 | 230504b |||||||| |||| 00| 0 eng d | ||
| 040 |
_aNational Science Library _cNational Science Library |
||
| 080 |
_a54-138 _bL6 |
||
| 100 |
_aEvans, L F _98389 |
||
| 245 | _aFurther studies of the nature of bushfire smoke | ||
| 260 |
_aAustralia: _bCommonwealth Scientific and Industrial Research Organisation, _c1976 |
||
| 300 | _a12p. | ||
| 650 | _aNature | ||
| 653 | _aBushfire | ||
| 700 | _aKing, N K | ||
| 942 |
_2udc _cBK |
||
| 999 |
_c27452 _d27452 |
||